Fußball Quiz Deutschland Teil 1 - Statistiken

Allgemein
  • Dieses Quiz wurde 141 mal gespielt
  • Das Durchschnittsergebnis liegt bei 6 aus 10
Antwortstatistiken
Frage Antwort % Korrekt
Welcher Spieler spielte NICHT für die DDR Nationalmannschaft? Michael Ballack
100%
Wer wurde Torschützenkönig in der Bundesliga? Alexander Meier
78%
Welcher dieser Vereine wurde Meister in der Bundesliga? Eintracht Braunschweig
70%
Wie heißt KEINE aktuelle Regionalliga? Ost
70%
Wer war KEIN Teil der sogenannten 'Mainzer Boyband'? Suat Serdar
63%
Welcher Verein verwendet KEINE Torhymne? Union Berlin
63%
Welcher Torwart hat noch KEIN Tor in der Bundesliga geschossen? Oliver Kahn
56%
Welcher dieser Herren darf sich 'Bundesliga - Meistertrainer' schimpfen? Armin Veh
52%
Welcher Spieler schoss NICHT das entscheidende Tor in einem WM Finale? Oliver Bierhoff
52%
Wer wurde KEIN Meister vor der Bundesliga? Waldhof Mannheim
41%
Keine übereinstimmenden Quizze gefunden
Verteilung der Resultate
Anzahl Personen mit jedem Resultat
Perzentil nach korrekt beantworteten Fragen
Ihre Resultats-Entwicklung
Sie haben dieses Quiz noch nicht gespielt